Marvel Picture Find: Ultimates Quiz Stats

 Plays Quiz Updated Apr 25, 2018

Challenge
Share
Tweet
Score 0/154 Timer 15:00
4 Plays Today
% Correct
Thor
93.9%
Captain
America
93.6%
Spider-Man
92.8%
Hulk
89.5%
Iron
Man
88.4%
Professor X
88.4%
Wolverine
88.3%
Giant Man
88%
Thing
88%
Magneto
87.7%
Venom
87.4%
Doctor
Strange
85.4%
Cyclops
85.3%
Reed Richards
85.1%
Daredevil
84.6%
Human
Torch
83.7%
Ghost
Rider
83.6%
Storm
83.5%
Dr. Doom
82.5%
Wasp
81.7%
Nightcrawler
81.6%
Angel
81.4%
Vision
79.4%
Doctor
Octopus
79.2%
Nick
Fury
77.3%
Kingpin
76.6%
Beast
76.1%
Invisible
Woman
75.9%
Blob
75%
Scarlet
Witch
74%
R.H.I.N.O.
73.7%
Blade
73%
Spider-
Woman
72.8%
Mystique
72.7%
Vulture
72.1%
Rogue
72%
Colossus
71.7%
Lizard
71.7%
Iceman
71.1%
Quicksilver
70.6%
Deadpool
69.3%
Carnage
69.1%
Hawkeye
68.7%
Black
Panther
68.6%
Green
Goblin
68.2%
Juggernaut
67.8%
Black Cat
67.7%
Iron
Fist
67.2%
Moon
Knight
66.7%
Punisher
66.7%
Apocalypse
65.8%
Abomination
65.7%
% Correct
Captain
Britain
65.3%
Black
Widow
64.5%
Jean
Grey
63.6%
Scorpion
60.2%
Gambit
59.6%
She-Hulk
59.2%
Psylocke
58.7%
Emma
Frost
58.6%
Domino
58%
Sandman
57.3%
Namor
57.2%
Bullseye
57.2%
Falcon
56.7%
Wonder Man
56.4%
Hela
55.2%
Kraven
54.1%
Elektra
53.8%
Sabretooth
53.6%
Tigra
53%
Gah Lak Tus
52.9%
Electro
52.7%
Cloak
52.3%
Dagger
51.6%
Medusa
51.1%
Jubilee
50.9%
Mole Man
50.1%
Dormammu
49.5%
Black
Bolt
49.2%
Omega Red
47.8%
Power Man
47.8%
Hammerhead
46.5%
Sasquatch
46.4%
Havok
45.1%
Gwen
Stacy
44.8%
Polaris
44.5%
Dazzler
44.1%
Captain
Mahr Vehl
44%
Multiple Man
43.3%
Blink
42.2%
Deathlok
42%
Sunspot
41.1%
Kitty
Pryde
41.1%
Pyro
40.3%
Warpath
39.6%
Bishop
39.2%
Toad
39%
Onslaught
39%
Hobgoblin
38.7%
Mr. Sinister
38.6%
Valkyrie
38.4%
Beetle
38.3%
Leader
37.1%
% Correct
Big Bertha
36.4%
Cannonball
36.2%
Beak
35%
Spiral
34.9%
Ronin
34.4%
Firestar
34%
Forge
33.4%
Sunfire
33.3%
Longshot
33.1%
Moondragon
32.2%
Silver
Sable
32%
Annihilus
31%
Timothy
Dugan
30.6%
Nova
30.2%
Boomerang
29.3%
Pixie
28.1%
Batroc
27.9%
Crimson
Dynamo
27.9%
Black
Knight
27.3%
Deathstrike
27.3%
Madame Web
27.2%
Vindicator
26.9%
Crystal
26.5%
Shocker
26.3%
Wrecker
25.6%
Morbius
24.1%
Xorn
23.5%
Hellcat
23%
Tarantula
22.6%
Gorgon
22.5%
Mojo
Adams
21.8%
Namora
21.5%
Northstar
21.1%
Marrow
20.3%
Mastermind
20.3%
Tiger
Shark
20.3%
Shang-Chi
20.3%
Karnak
19.8%
Ka-Zar
19.2%
Andreas
Von
Strucker
19.1%
Shadow King
19.1%
Nighthawk
18.6%
Arcade
16.7%
Gladiator
15.6%
Zorn
14.7%
Diablo
14.2%
Vanisher
13.2%
Snowbird
11.2%
Proteus
10.3%
Bonebreaker
9.7%

You're not logged in!

Compare scores with friends on all Sporcle quizzes.
Join for Free
OR
Log In

You Might Also Like...

Show Comments

Extras

Top Quizzes Today


Score Distribution

Your Account Isn't Verified!

In order to create a playlist on Sporcle, you need to verify the email address you used during registration. Go to your Sporcle Settings to finish the process.

Report this User

Report this user for behavior that violates our Community Guidelines.

Details: